00503nam a2200145Ia 4500008004100000041000800041082001700049100001500066245004500081260004900126300003200175365000900207999001500216952012600231240624s9999 xx 000 0 und d aeng a658.4012 ZOO aZOOK CHRIS aUNSTOPPABLE FINDING HIDDEN ASSETS TO REN c2007aBostonbHarvard Businesss School Press axvii, : 190 : p. : cm. ; 24 cb30 c7483d7483 00104070aIMTNbIMTNcRack 27-Bd2007-11-27eIBHg29.95o658.4012 ZOOp7483r2024-06-24 00:00:00t39.34w2024-06-24yBK